[Event "BL2 Sued 1718 (Women)"]
[Site "Germany"]
[Date "2018.01.28"]
[Round "5.4"]
[White "Le, Mai Linh Lisa"]
[Black "Ley, Sabrina"]
[Result "0-1"]
[WhiteElo "1585"]
[BlackElo "1965"]
[PlyCount "88"]
[EventDate "2017.10.14"]
[EventType "team-tourn"]
[EventRounds "7"]
[EventCountry "GER"]
[SourceTitle "EXT 2019"]
[Source "ChessBase"]
[SourceDate "2018.10.10"]
[SourceVersion "1"]
[SourceVersionDate "2018.10.10"]
[SourceQuality "1"]
[WhiteTeam "Gernsheim (W)"]
[BlackTeam "Stuttgart Wolfbusch (W)"]
[WhiteTeamCountry "GER"]
[BlackTeamCountry "GER"]

1. d4 d5 2. c4 dxc4 3. e4 Nf6 4. e5 Nd5 5. Bxc4 Nb6 6. Bb3 Nc6 7. Nf3 Bf5 8. Be3 e6 9. 0-0 Qd7 10. Nc3 0-0-0 11. a4 Nb4 12. a5 N6d5 13. Ba4 Qe7 14. Qd2 h6 15. Rfc1 g5 16. Nxd5 Nxd5 17. h3 g4 18. hxg4 Bxg4 19. Qe2 Rg8 20. Rc5 f6 21. exf6 Qxf6 22. Rxd5 Rxd5 23. Kf1 Rh5 24. Qc4 Bxf3 25. gxf3 Rh1+ 26. Ke2 Rxa1 27. Bf4 Qf7 28. a6 Rxa4 29. axb7+ Kb8 30. Qxa4 Bd6 31. Bxh6 Bf4 32. Bxf4 Qxf4 33. Qc6 Qd6 34. Qe4 Qa6+ 35. Kd2 Qxb7 36. Qxe6 Qxb2+ 37. Ke3 Qa3+ 38. Ke2 Rf8 39. Qe4 Qb2+ 40. Ke3 Qb5 41. Kd2 Re8 42. Qd3 Qxd3+ 43. Kxd3 Rf8 44. Ke3 a5 0-1

[Event "Regionalliga SW 1617 (Women)"]
[Site "Germany"]
[Date "2017.01.22"]
[Round "3.1"]
[White "Le, Mai Linh Lisa"]
[Black "Ries, Jutta"]
[Result "0-1"]
[WhiteElo "1613"]
[BlackElo "1983"]
[PlyCount "44"]
[EventDate "2016.10.23"]
[EventType "team-tourn"]
[EventRounds "5"]
[EventCountry "GER"]
[SourceTitle "EXT 2018"]
[Source "ChessBase"]
[SourceDate "2017.10.13"]
[SourceVersion "1"]
[SourceVersionDate "2017.10.13"]
[SourceQuality "1"]
[WhiteTeam "Gernsheim (W) II"]
[BlackTeam "Gernsheim (W)"]
[WhiteTeamCountry "GER"]
[BlackTeamCountry "GER"]

1. d4 Nf6 2. c4 c5 3. Nf3 g6 4. Nc3 Bg7 5. e3 0-0 6. Be2 cxd4 7. Nxd4 Nc6 8. 0-0 Nxd4 9. exd4 d5 10. Be3 Bf5 11. cxd5 Nxd5 12. Nxd5 Qxd5 13. Bf3 Be4 14. Bxe4 Qxe4 15. Qd2 Rfd8 16. Rfd1 b6 17. Rac1 Rac8 18. Rxc8 Rxc8 19. Qb4 e5 20. h3 exd4 21. Re1 a5 22. Bd2 Qxe1+ 0-1

[Event "Regionalliga SW 1617 (Women)"]
[Site "Germany"]
[Date "2016.11.13"]
[Round "2.4"]
[White "Alt, Barbara"]
[Black "Le, Mai Linh Lisa"]
[Result "1-0"]
[WhiteElo "1550"]
[BlackElo "1613"]
[PlyCount "37"]
[EventDate "2016.10.23"]
[EventType "team-tourn"]
[EventRounds "5"]
[EventCountry "GER"]
[SourceTitle "EXT 2018"]
[Source "ChessBase"]
[SourceDate "2017.10.13"]
[SourceVersion "1"]
[SourceVersionDate "2017.10.13"]
[SourceQuality "1"]
[WhiteTeam "Riegelsberg (W)"]
[BlackTeam "Gernsheim (W)"]
[WhiteTeamCountry "GER"]
[BlackTeamCountry "GER"]

1. e4 d5 2. exd5 Qxd5 3. Nc3 Qd6 4. d4 Nf6 5. Nf3 a6 6. Bd3 e6 7. 0-0 Be7 8. Re1 0-0 9. Ne4 Qb6 10. Bg5 Nbd7 11. b3 Re8 12. c3 Nxe4 13. Bxe7 Nxf2 14. Bxh7+ Kxh7 15. Ng5+ Kg8 16. Qh5 Nf6 17. Bxf6 gxf6 18. Qh7+ Kf8 19. Qxf7# 1-0

[Event "Hessen-ch U14/U18 Girls"]
[Site "Bad Homburg"]
[Date "2015.03.30"]
[Round "3"]
[White "Maar, Felicitas"]
[Black "Le, Mai Linh Lisa"]
[Result "0-1"]
[WhiteElo "1415"]
[BlackElo "1198"]
[PlyCount "94"]
[EventDate "2015.03.30"]
[EventType "swiss"]
[EventRounds "7"]
[EventCountry "GER"]
[SourceTitle "EXT 2017"]
[Source "ChessBase"]
[SourceDate "2016.10.25"]
[SourceVersion "1"]
[SourceVersionDate "2016.10.25"]
[SourceQuality "1"]

1. d4 d5 2. c4 c6 3. Nf3 Nf6 4. Nc3 Bg4 5. Bf4 e6 6. e3 Bb4 7. Be2 Nbd7 8. Bg5 0-0 9. Ne5 Bxe2 10. Qxe2 Be7 11. Nxd7 Nxd7 12. Bxe7 Qxe7 13. 0-0 Qb4 14. c5 Qa5 15. Qg4 Qc7 16. Ne2 Nf6 17. Qh3 b6 18. Ng3 bxc5 19. dxc5 Qe5 20. b4 a6 21. Ne2 Qb2 22. Nf4 Qxb4 23. Nd3 Qb8 24. Rab1 Qc7 25. f3 Rab8 26. Rxb8 Rxb8 27. Nf4 Qa5 28. Qg3 Rf8 29. Nd3 Qd2 30. Ne5 Qxe3+ 31. Kh1 Qxc5 32. h3 Qd6 33. Qe1 Nh5 34. Rf2 f6 35. g4 Qxe5 36. Qxe5 fxe5 37. gxh5 e4 38. f4 d4 39. Kg1 c5 40. Kf1 c4 41. Ke2 Rf5 42. h6 gxh6 43. Rg2+ Kf7 44. Rf2 c3 45. Kd1 d3 46. Kc1 e3 47. Rf3 e2 0-1

[Event "Hessen-ch U14/U18 Girls"]
[Site "Bad Homburg"]
[Date "2015.03.30"]
[Round "1"]
[White "Reinecke, Katharina"]
[Black "Le, Mai Linh Lisa"]
[Result "1/2-1/2"]
[WhiteElo "1739"]
[BlackElo "1198"]
[PlyCount "93"]
[EventDate "2015.03.30"]
[EventType "swiss"]
[EventRounds "7"]
[EventCountry "GER"]
[SourceTitle "EXT 2017"]
[Source "ChessBase"]
[SourceDate "2016.10.25"]
[SourceVersion "1"]
[SourceVersionDate "2016.10.25"]
[SourceQuality "1"]

1. d4 d5 2. c4 c6 3. e3 Nf6 4. Nf3 Bg4 5. Be2 e6 6. Nc3 Nbd7 7. h3 Bf5 8. Nh4 Qc7 9. Nxf5 exf5 10. cxd5 Nxd5 11. Nxd5 cxd5 12. Bd2 Be7 13. 0-0 0-0 14. Bd3 g6 15. Qb3 Nf6 16. Rac1 Qd7 17. Bb5 Qd6 18. a3 a6 19. Bd3 Rab8 20. Rc2 Ne4 21. Bb4 Qb6 22. Qxd5 Bxb4 23. axb4 Qxb4 24. Bxe4 fxe4 25. Qxe4 Rbc8 26. Rfc1 Rxc2 27. Qxc2 Rd8 28. Rd1 Qb5 29. Rc1 a5 30. b3 Ra8 31. Ra1 Qd7 32. Qc5 b5 33. Kf1 a4 34. bxa4 bxa4 35. Ke1 Qb7 36. Kf1 Qa6+ 37. Kg1 a3 38. Qc1 Qd3 39. Qf1 Qc2 40. Qc1 Qd3 41. Qb1 Qc3 42. Qe1 Qb3 43. Qc1 Kg7 44. f3 Qb2 45. Rb1 Qe2 46. Qc3 a2 47. Ra1 1/2-1/2

[Event "Hessen-ch U12"]
[Site "Bad Homburg"]
[Date "2013.??.??"]
[Round "5"]
[White "Le, Mai Linh Lisa"]
[Black "Bajorski, Marius"]
[Result "0-1"]
[WhiteElo "1025"]
[BlackElo "1157"]
[PlyCount "102"]
[EventDate "2013.03.??"]
[EventType "swiss"]
[EventRounds "9"]
[EventCountry "GER"]
[SourceTitle "EXT 2014"]
[Source "ChessBase"]
[SourceDate "2013.11.20"]
[SourceVersion "1"]
[SourceVersionDate "2013.11.20"]
[SourceQuality "1"]

1. e4 e5 2. Nf3 Nc6 3. Bb5 a6 4. Bxc6 dxc6 5. Nxe5 Qd4 6. Qh5 Qxe4+ 7. Kf1 Qf5 8. g4 Qxh5 9. gxh5 Bf5 10. d3 Nf6 11. Nc3 Nxh5 12. Be3 Bd6 13. f4 Bxe5 14. fxe5 0-0-0 15. Ke2 Rhe8 16. Kd2 Rxe5 17. Rae1 Rde8 18. Nd1 Nf6 19. c4 Ng4 20. h3 Nxe3 21. Nxe3 Rd8 22. d4 Rxd4+ 23. Ke2 Rxc4 24. Kf2 Rce4 25. Rhg1 g6 26. h4 Rxh4 27. Nxf5 Rxf5+ 28. Ke2 Re5+ 29. Kd2 Rxe1 30. Rxe1 Kd7 31. Kc3 f5 32. Rd1+ Ke6 33. Rd8 f4 34. b4 f3 35. Rf8 Rh3 36. Kc4 b6 37. a4 Rh4+ 38. Kc3 g5 39. Rxf3 g4 40. Rf8 h5 41. Rg8 Rh3+ 42. Kc4 g3 43. Kd3 g2+ 44. Ke2 Rh2 45. Kf2 h4 46. Kg1 Rh3 47. Kxg2 Rg3+ 48. Rxg3 hxg3 49. Kxg3 Kd5 50. Kf3 Kc4 51. a5 Kxb4 0-1

[Event "Hessen-ch U12"]
[Site "Bad Homburg"]
[Date "2013.??.??"]
[Round "7"]
[White "Le, Mai Linh Lisa"]
[Black "Maar, Patricia"]
[Result "1-0"]
[WhiteElo "1025"]
[BlackElo "737"]
[PlyCount "75"]
[EventDate "2013.03.??"]
[EventType "swiss"]
[EventRounds "9"]
[EventCountry "GER"]
[SourceTitle "EXT 2014"]
[Source "ChessBase"]
[SourceDate "2013.11.20"]
[SourceVersion "1"]
[SourceVersionDate "2013.11.20"]
[SourceQuality "1"]

1. e4 e5 2. Nf3 Nc6 3. Nc3 Bc5 4. Bb5 Nf6 5. Bxc6 bxc6 6. Nxe5 0-0 7. d3 Bb7 8. f4 d6 9. Nf3 d5 10. Qe2 Re8 11. e5 Ng4 12. d4 Bb4 13. Bd2 Qc8 14. 0-0 Ba6 15. Qe1 Bxf1 16. Qxf1 c5 17. a3 Bxc3 18. bxc3 Qf5 19. h3 Nh6 20. Rc1 f6 21. Qf2 Re7 22. g4 Qg6 23. Nh4 Qf7 24. Re1 Rae8 25. Qg3 g6 26. g5 Nf5 27. Nxf5 Kf8 28. Nxe7 Qxe7 29. exf6 Qf7 30. Rxe8+ Qxe8 31. dxc5 Qc6 32. Qe3 Qd7 33. c6 Qf7 34. c4 Kg8 35. cxd5 a6 36. d6 cxd6 37. c7 Qxc7 38. Qe8# 1-0

[Event "GER-chT U14 Girls"]
[Site "Magdeburg"]
[Date "2012.12.30"]
[Round "7.4"]
[White "Le, Mai Linh Lisa"]
[Black "Damrich, Alina"]
[Result "0-1"]
[WhiteElo "871"]
[BlackElo "949"]
[PlyCount "130"]
[EventDate "2012.12.27"]
[EventType "team-swiss"]
[EventRounds "7"]
[EventCountry "GER"]
[SourceTitle "EXT 2014"]
[Source "ChessBase"]
[SourceDate "2013.11.20"]
[SourceVersion "1"]
[SourceVersionDate "2013.11.20"]
[SourceQuality "1"]
[WhiteTeam "Gernsheim"]
[BlackTeam "Mainaschaff"]
[WhiteTeamCountry "GER"]
[BlackTeamCountry "GER"]

1. e4 e5 2. Nf3 Nc6 3. Nc3 Nf6 4. a3 Bc5 5. Nxe5 Nxe5 6. d4 Bd6 7. f4 Nc6 8. e5 Be7 9. exf6 Bxf6 10. Be3 d5 11. Bb5 Bd7 12. Nxd5 a6 13. Bc4 0-0 14. 0-0 Re8 15. Qd3 Be6 16. Nxf6+ Qxf6 17. d5 Bf5 18. Qd2 Na7 19. Bd4 Qg6 20. Qc3 Be4 21. Rf2 c6 22. dxc6 bxc6 23. Be3 Nb5 24. Qb3 Rab8 25. Bxb5 axb5 26. c4 bxc4 27. Qxc4 Bd5 28. Qc3 Rb3 29. Qd2 Rbxe3 30. Raf1 Qd3 31. Qxd3 Rxd3 32. f5 f6 33. a4 Bc4 34. Ra1 Rde3 35. h4 Re1+ 36. Rxe1 Rxe1+ 37. Kh2 Ra1 38. Rf4 Bd5 39. g4 Ra2 40. Kg3 Rxb2 41. g5 Rg2+ 42. Kh3 fxg5 43. hxg5 Rxg5 44. a5 c5 45. Kh4 Rg2 46. Ra4 Ra2 47. Rxa2 Bxa2 48. Kg3 Bd5 49. Kf2 c4 50. Ke2 h5 51. Kd2 h4 52. Kc3 h3 53. Kd4 Ba8 54. Kxc4 h2 55. a6 h1Q 56. Kb5 Qc6+ 57. Ka5 Qc5+ 58. Ka4 Qb6 59. f6 Qxa6+ 60. Kb3 Qxf6 61. Kc4 Qd6 62. Kc3 Be4 63. Kb3 Qc5 64. Ka2 Qb4 65. Ka1 Qb1# 0-1

[Event "Hessen-ch U12"]
[Site "Bad Homburg"]
[Date "2012.??.??"]
[Round "2"]
[White "Le, Mai Linh Lisa"]
[Black "Martin, Alexander"]
[Result "0-1"]
[WhiteElo "839"]
[BlackElo "754"]
[PlyCount "98"]
[EventDate "2012.04.??"]
[EventType "swiss"]
[EventRounds "9"]
[EventCountry "GER"]
[SourceTitle "EXT 2015"]
[Source "ChessBase"]
[SourceDate "2014.11.20"]
[SourceVersion "1"]
[SourceVersionDate "2014.11.20"]
[SourceQuality "1"]

1. e4 e5 2. Nf3 Nc6 3. Nc3 Nf6 4. a3 a6 5. g3 g6 6. Bg2 Bg7 7. d4 d6 8. dxe5 dxe5 9. Qxd8+ Kxd8 10. 0-0 Nd4 11. Nxe5 Be6 12. Bg5 h6 13. Rad1 hxg5 14. Rxd4+ Nd7 15. Nxf7+ Bxf7 16. Rd3 Bc4 17. Rxd7+ Kxd7 18. Bh3+ Rxh3 19. Rd1+ Ke8 20. b3 Bxb3 21. cxb3 Bxc3 22. Kg2 g4 23. Rd3 Bb2 24. a4 b5 25. a5 Rd8 26. Re3 Rh8 27. Re2 Bc3 28. f4 Rd2 29. Rxd2 Bxd2 30. e5 Bxa5 31. h4 gxh3+ 32. Kh2 Be1 33. g4 Bg3+ 34. Kh1 h2 35. f5 Bxe5 36. fxg6 c5 37. g5 Rg8 38. g7 Rxg7 39. g6 Rxg6 40. b4 Rf6 41. bxc5 b4 42. c6 Rxc6 43. Kg2 Rc1 44. Kf3 h1Q+ 45. Ke3 Qh4 46. Kd2 Rc3 47. Ke2 Qh2+ 48. Kd1 Rg3 49. Ke1 Rg1# 0-1